000 00891nam a2200277Ia 4500
003 GCL
005 20240530101951.0
008 140319s9999 xx 000 0 ara d
040 _aGCL /
_cGCL
082 0 4 _a071.962
_bق/ع م
100 1 _aعلى شلش
245 1 0 _aالمجلات الادبية فى مصر تطورها ودورها من 1952-1939 م /
_cعلى شلش
260 _a[S.N] :
_bالهيئة المصرية العامة للكتاب ،
_c1988
300 _a324 ص
650 0 4 _aالادب العربى
650 0 4 _aتاريخ
650 0 4 _aالادب
650 0 4 _aالاخلاق
650 0 4 _aالصحافة المصرية
650 0 4 _aالصحافة العربية
650 0 4 _aالصحف فى الادب
650 0 4 _aالصحفيون المصريون
650 0 4 _aالاخلاق الصحفية
650 0 4 _aالدوريات
942 _2ddc
_cBK
999 _c29065
_d29065